• 首页
  • 本馆介绍
  • 公告通知
  • 最新文献
  • 馆藏检索
  • 电子资源
  • 读者导购
  • 参考咨询
  • 我的图书馆
  • 登录
  • 详细信息显示
  • 放入我的书架
  • 预约/预借图书
  • 作者相关作品
  • 分类相关作品
  • 丛书相关作品
  • 出版社相关作品

书目信息

  • 表格格式
  • 工作单格式
  • 卡片格式
题名:
读完本书, 才有力气完成剩下的梦想
    
 
作者: 斯基亚怕 , 布吕吉埃 著 ;张静 译
分册:  
出版信息: 南京   江苏凤凰文艺出版社  2017
页数: 277页
开本: 21cm
丛书名:
单 册:
中图分类: B84-49 , R395.6-49
科图分类:
主题词: 心理学--xin li xue--普及读物 , 心理健康--xin li jian kang--普及读物
电子资源:
ISBN: 978-7-5399-9612-7
000 01648cam0 2200349 450
001 012001003433
005 20140130155919.0
010    @a978-7-5399-9612-7@dCNY38.00
099    @aCAL 012017001608
100    @a20161214d2017 em y0chiy50 ea
101 1  @achi@cfre
102    @aCN@b320000
105    @ay a 000yy
106    @ar
200 1  @a读完本书, 才有力气完成剩下的梦想@Adu wan ben shu, cai you li qi wan cheng sheng xia de meng xiang@d= J'arrete de m'epuiser!@f(法) 玛琳·斯基亚帕, (法) 塞德里克·布吕吉埃著@g张静译@zfre
210    @a南京@c江苏凤凰文艺出版社@d2017
215    @a277页@d21cm
314    @a玛琳·斯基亚帕,法国心理学家,“职场妈妈”的创始人,法国芒勒市副市长。她在法国政府部门及大型企业开展过许多关于预防倦怠综合征的讲座和培训,同时也出版了多部作品,比如《工作妈妈的200个窍门》等。
314    @a塞德里克·布吕吉埃,法国著名职业规划和管理专家,曾发表和出版大量有关职业管理的专业文章和书籍。
320    @a有书目 (第274-277页)
330    @a本书以深邃的洞察力,带你重新审视你的情绪、意识、自我、潜能以及身体,深刻揭露了现代人身心透支背后的心理成因,并引导读者向真实的自我发起审视,了解自己内心深处隐藏的故事,直到找到自己的动力之源,活力重现。
333    @a心理学爱好者及相关读者。
500 10 @aJ'arrete de m'epuiser!@mChinese
606 0  @a心理学@Axin li xue@j普及读物
606 0  @a心理健康@Axin li jian kang@j普及读物
690    @aB84-49@v5
690    @aR395.6-49@v5
701  1 @a斯基亚怕@Asi ji ya pa@g(Schiappa, Marlene)@4著
701  1 @a布吕吉埃@Abu lv ji ai@g(Bruguiere, Cedric)@4著
702  0 @a张静@Azhang jing@4译
801  2 @aCN@b北京卓展@c20191020
905    @b1211624-7@dB84-49@e3471@f4
    
    读完本书, 才有力气完成剩下的梦想= J'arrete de m'epuiser!/(法) 玛琳·斯基亚帕, (法) 塞德里克·布吕吉埃著/张静译.-南京:江苏凤凰文艺出版社,2017
    277页;21cm
    使用对象:心理学爱好者及相关读者。
    
    ISBN 978-7-5399-9612-7:CNY38.00
    本书以深邃的洞察力,带你重新审视你的情绪、意识、自我、潜能以及身体,深刻揭露了现代人身心透支背后的心理成因,并引导读者向真实的自我发起审视,了解自己内心深处隐藏的故事,直到找到自己的动力之源,活力重现。
●
相关链接 在E读中查询图书 在五车中查询图书 在当当中查询图书 在豆瓣中查询图书


正题名:读完本书, 才有力气完成剩下的梦想     索取号:B84-49/3471         预约/预借

序号 登录号 条形码 馆藏地/架位号 状态 备注
1 1211624   212116244   第一样本阅览室/ [索取号:B84-49/3471] 在馆    
2 1211625   212116253   第一借阅区/ [索取号:B84-49/3471] 在馆    
3 1211626   212116262   第一借阅区/ [索取号:B84-49/3471] 在馆    
4 1211627   212116271   第一借阅区/ [索取号:B84-49/3471] 在馆    
唐山师范学院图书馆 欢迎您!
大连网信软件有限公司© 版权所有